00895nam a2200193 a 450000100100000000500170001000800410002702000180006804000250008610000320011124500980014326000360024130000290027750000420030695201200034895201050046895201110057399900170068400003797920201002031139.0130311s2012 dr c 000 0 spa d a9789945006254 aDO-SdBNPbspacBNPHU1 aMaríñez, Pablo A.9574810aEnfoque internacional 1966-1970, de Manuel Tapia Brea. Un comentario /cPablo A. Maríñez. aSanto Domingo :bBúho,c2012. a42 p. :brets. ;c22 cm. aIncluye notas al pie de las páginas 001054708DSaGRbGRcCTd2013-03-11iLF1l0o p37979-30r2020-06-25te. 3w2020-06-25yLFDSZPréstamo en sala 0010718PDaPDbPDcCTd2013-03-11iLF1l0o p37979-10r2020-06-25w2020-06-25yLFPDZNo se presta 0010718PDaPDbPDcCTd2013-03-11iLF1l0o p37979-20r2020-06-25te. 2w2020-06-25yLFPDZNo se presta c37469d37469